| 000 | 00995nas a2200337 4500 | ||
|---|---|---|---|
| 001 | BR2012007084 | ||
| 003 | BR-BrBNA | ||
| 005 | 20231205121210.0 | ||
| 007 | ta | ||
| 008 | 230509b bl.|||p| |||| 00| 00por d | ||
| 040 |
_aBR-BrBNA _bpor _cBiblioteca Nacional de Agricultura |
||
| 041 | _a(Pt) | ||
| 072 | _aF03; H60 | ||
| 100 | 1 | _aGuimarães, V.F. | |
| 100 | 1 | _aHollmann, M.J. | |
| 100 | 1 | _aFioreze, S.L. | |
| 100 | 1 | _aEcher, M.M. | |
| 100 | 1 | _aRodrigues-Costa, A.C.P. | |
| 100 | 1 | _aAndreotti, M. | |
| 245 | 1 | _aProdutividade e qualidade de sementes de soja em função de estádios de dessecação e herbicidas | |
| 650 | _aSOJA | ||
| 650 | _aDESSECANTE | ||
| 650 | _aPRODUTIVIDADE | ||
| 650 | _aSEMENTE | ||
| 650 | _aCONTROLE DE QUALIDADE | ||
| 650 | _aHERBICIDA | ||
| 650 | _aGERMINAÇÃO | ||
| 773 | 0 |
_tPlanta Daninha (Brazil) _xISSN 0100-8358 _g(Jul-Sep 2021), v. 30(3) p. 567-573 _wBR2012007084 |
|
| 909 |
_a202311 _bLúcia _c55 _dLúcia Elande |
||
| 942 |
_2AGRIS _n0 _cANA |
||
| 999 |
_c222287 _d222287 |
||